Manual de fertilización
Na minha lista:
| Autor principal: | |
|---|---|
| Formato: | Livro |
| Idioma: | espanhol |
| Publicado em: |
Santiago
Pontificia Universidad Católica de Chile
1992
|
| Colecção: | Colección en Agricultura
|
| Assuntos: | |
| Tags: |
Adicionar Tag
Sem tags, seja o primeiro a adicionar uma tag!
|
MARC
| LEADER | 00000nam a2200000 a 4500 | ||
|---|---|---|---|
| 001 | UCX7346 | ||
| 003 | CL-VaPUC | ||
| 005 | 20250310145542.0 | ||
| 008 | 931204e19920000CL |||||||||||||||||spa|d | ||
| 999 | |c 227185 |d 227183 | ||
| 040 | |c Pontificia Universidad Católica de Valparaíso | ||
| 082 | 0 | 4 | |a 631.8 |b ROD |2 21 |
| 100 | |a Rodríguez Sanfuentes, José |e autor |9 525306 | ||
| 245 | 1 | 0 | |a Manual de fertilización |
| 246 | 1 | 0 | |a Fertilización |
| 260 | |a Santiago |b Pontificia Universidad Católica de Chile |c 1992 | ||
| 300 | |a 362 p | ||
| 490 | 0 | |a Colección en Agricultura | |
| 583 | |a last modification |c 20130410 10:28:38 |k Rodrigo Vera | ||
| 650 | 0 | |a Fertilización |9 259681 | |
| 650 | 0 | |a Tipos de fertilizantes |9 892443 | |
| 650 | 0 | |a Fertilizantes |9 892450 |x Normas | |
| 942 | |c BK |2 ddc | ||
| 945 | |d 19931204 00:00:00 |a mfernand | ||
| 952 | |0 0 |1 0 |4 0 |6 631_800000000000000_ROD_1992 |7 0 |8 A |9 226035 |a BIBAGR |b BIBAGR |d 2019-11-15 |i 2944774 |o 631.8 ROD 1992 |p 2944774 |r 2025-01-20 |w 2019-11-15 |y BK |k AGR | ||
| 952 | |0 0 |1 0 |4 0 |6 631_800000000000000_ROD_1992 |7 0 |8 A |9 226037 |a BIBAGR |b BIBAGR |d 2019-11-15 |i 2980673 |l 3 |o 631.8 ROD 1992 |p 2980673 |q 2025-03-27 |r 2025-03-12 |s 2025-03-12 |w 2019-11-15 |y BK |k AGR | ||